| 000 | 00476nam a2200169Ia 4500 | ||
|---|---|---|---|
| 999 |
_c5274 _d5274 |
||
| 020 | _a0-19-568113-4 | ||
| 082 | _a306.6 MAD-I | ||
| 100 | _aMadan, T.N. | ||
| 245 | 0 | _aImages of the world: essays on religion, secularism, and culture | |
| 260 |
_aNew Delhi _bOxford University Press _c2006 |
||
| 300 | _axii, 398 | ||
| 504 | _aincludes index | ||
| 650 |
_aReligion and culture _zIndia |
||
| 650 |
_aSecularism _zIndia |
||
| 650 |
_aReligion and sociology _zIndia |
||
| 942 | _cBK | ||